Spitz vs Pomeranian! - Statistics

General Stats
  • This quiz has been taken 9 times
  • The average score is 18 of 20
Answer Stats
Picture Answer % Correct
Spitz
100%
Spitz
100%
Pomeranian
89%
Pomeranian
89%
Pomeranian
89%
Pomeranian
89%
Pomeranian
89%
Pomeranian
89%
Pomeranian
89%
Pomeranian
89%
Pomeranian
89%
Pomeranian
89%
Spitz
89%
Spitz
89%
Spitz
89%
Spitz
89%
Spitz
89%
Spitz
78%
Spitz
78%
Spitz
78%
No matching quizzes found
Score Distribution
Percent of People with Each Score
Percentile by Number Answered
Your Score History
You have not taken this quiz